| 000 | 00512nam a2200169 i 4500 | ||
|---|---|---|---|
| 001 | bg | ||
| 100 | 1 | _aSCHORN, Harald | |
| 245 | 0 |
_aBetone mit Kunststoffen und andere Instandsetzungsbaustoffe : _bein Buch zum Stand der Technik mit Kommentaren zum technschen Regelwerk / _cHarald Schorn. |
|
| 260 |
_aBerlin : _bErnst & Sohn, _c1990. |
||
| 020 | _a3433012040 | ||
| 040 | _cBPK | ||
| 041 | _apol | ||
| 080 | _a666.9:678 | ||
| 920 | _a3-433-01204-0 | ||
| 942 | _cKS | ||
| 008 | s pl f |000 0 pol | ||
| 999 |
_c29597 _d29597 |
||
| 856 |
_uhttp://koha.tu.koszalin.pl/cgi-bin/koha/opac-detail.pl?biblionumber=29597 _yKatalog online BPK |
||